LEADER 03336nam 2200589 a 450 001 9910830362203321 005 20190321005642.0 010 $a0-470-42840-6 010 $a1-281-45037-5 010 $a9786611450373 010 $a0-470-38729-7 035 $a(CKB)1000000000535819 035 $a(EBL)353516 035 $a(OCoLC)437219641 035 $a(SSID)ssj0000073951 035 $a(PQKBManifestationID)11116070 035 $a(PQKBTitleCode)TC0000073951 035 $a(PQKBWorkID)10117651 035 $a(PQKB)10281665 035 $a(MiAaPQ)EBC353516 035 $a(CaSebORM)9780470258613 035 $a(EXLCZ)991000000000535819 100 $a20080306d2008 uy 0 101 0 $aeng 135 $aurunu||||| 181 $ctxt 182 $cc 183 $acr 200 10$aBusiness continuity planning for data centers and systems$b[electronic resource] $ea strategic implementation guide /$fRonald H. Bowman, Jr 205 $a1st edition 210 $aHoboken, N.J. $cJohn Wiley & Sons$dc2008 215 $a1 online resource (226 p.) 300 $aIncludes index. 311 $a0-470-25861-6 327 $aBUSINESS CONTINUITY PLANNING FOR DATA CENTER AND SYSTEMS : A Strategic Implementation Guide; CONTENTS; PREFACE; Chapter 1: HOW WE GOT HERE: HISTORY OF DATA CENTERS AND CURRENT CHOICES; Chapter 2: ACTS OF GOD: MISSION-CRITICAL INTERRUPTIONS AND MAN-MADE CHALLENGES; Chapter 3: ORIGINS OF THE BUSINESS IMPACT ANALYSIS; Chapter 4: FLOODING: BE AFRAID, BE VERY AFRAID!; Chapter 5: DATA CENTERS GROWTH VELOCITY; Chapter 6: ENERGY USE IN DATA CENTERS GLOBALLY THROUGH 2012; Chapter 7: PRIMARY AND SECONDARY DATA CENTER SELECTION: RECENT HISTORY; Chapter 8: PUBLIC SECTOR LAWS: GUIDANCE AND CONSEQUENCES 327 $aChapter 9: GOVERNMENT'S ROLE: SUMMARY OF NATIONAL INFRASTRUCTURE PROTECTION PLAN OF 2006 Chapter 10: TIER 4: BASIS OF DESIGN; Chapter 11: UNIQUE CHALLENGES OF COOLING; Chapter 12: UNIQUE CHALLENGES OF POWER; Chapter 13: GOING GREEN; Chapter 14: NEW METHODS OF EFFECTIVE SITES ELECTION: NEGOTIATION AND EXECUTION; Chapter 15: CYBER TERRORISM; Chapter 16: NEED FOR SPEED; Chapter 17: FUTURE OF DATA CENTER EFFICIENCIES-THINK OUTSIDE THE GRID; GLOSSARY; INDEX 330 $aPraise for Business Continuity Planning for Data Centers and Systems: A Strategic Implementation Guide""Continuity is a primary business driver. This timely book offers a refreshingly honest road map to informed decision making by one of the mission critical industry's foremost real estate experts. It is a must-read for anyone thinking about 7x24.""--Gerald Gehm, AIA, LEED AP, Principal, Gensler""Ron is a knowledgeable player in the data center community with a great breadth of experience. He has assembled a terrific guide here that will be a valuable reference for anyone 606 $aData protection 606 $aElectronic data processing$xSecurity measures 615 0$aData protection. 615 0$aElectronic data processing$xSecurity measures. 676 $a658.4 676 $a658.477 676 $a658.478 700 $aBowman$b Ronald H.$f1960-$01706863 801 0$bMiAaPQ 801 1$bMiAaPQ 801 2$bMiAaPQ 906 $aBOOK 912 $a9910830362203321 996 $aBusiness continuity planning for data centers and systems$94094641 997 $aUNINA LEADER 01254nam0 22003011i 450 001 UON00444889 005 20231205105008.804 100 $a20141009d1950 |0itac50 ba 101 $afre 102 $aFR 105 $a|||| 1|||| 200 1 $aChez Tolstoï$eEntretiens a Iasnaïa Poliana$fPaul Boyer$gAvec une introduction par André Mazon, Pierre Pascal, Louis Réau 210 $aParis$cInstitut d'Études slaves$d1950 215 $a86 p.$ctav.$d28 cm. 606 $aDostoevskij Fëdor Michajlovi?$3UONC038633$2FI 700 1$aBOYER$bPaul$3UONV099716$0458207 702 1$aMazon$bAndré$3UONV169999 702 1$aPascal$bPierre$3UONV088832 702 1$aREAU$bLouis$3UONV116237 712 $aInstitut d'Études Slaves$3UONV251489$4650 801 $aIT$bSOL$c20250516$gRICA 899 $aSIBA - SISTEMA BIBLIOTECARIO DI ATENEO$2UONSI 912 $aUON00444889 950 $aSIBA - SISTEMA BIBLIOTECARIO DI ATENEO$dSI RUSSO C 0252 $eSI MR 27794 7 0252 966 $aDOSTOJEVSKIJ FJODOR$zDostoevskij Fëdor Michajlovi?$3UONC086638 966 $aDOSTOYEVSKY F. M.$zDostoevskij Fëdor Michajlovi?$3UONC091771 996 $aChez Tolstoï$91330979 997 $aUNIOR